|
|
|
|
| LEADER |
00000nab a2200000 a 4500 |
| 001 |
vtls000820856 |
| 003 |
SK-MaSNL |
| 005 |
20260302163835.0 |
| 008 |
040806c2002 xo 0 slo |
| 015 |
|
|
|a SNBRB2003/01-00171
|
| 035 |
|
|
|a CLN000172511
|
| 040 |
|
|
|a SNKBUCL
|b slo
|c SNKBUCL
|e AACR2
|
| 041 |
0 |
|
|a slo
|
| 044 |
|
|
|a xo
|c SK
|
| 080 |
|
|
|a 351.746.1(73):323.285
|2 UDC-MRF-SK2
|
| 080 |
|
|
|a 323.285
|2 UDC-MRF-SK2
|
| 100 |
1 |
|
|a Rybanský, Milan
|4 aut
|9 709305
|
| 245 |
1 |
0 |
|a George Bush rozšíril právomoci CIA
|b agentúra získala oprávnenie poľovať na teroristov ...
|c Milan Rybanský
|
| 300 |
|
|
|b Fotogr.
|
| 610 |
2 |
7 |
|a Central Intelligence Agency (U.S.)
|x boj proti terorizmu
|2 snkbucl
|9 865814
|
| 650 |
0 |
7 |
|a terorizmus
|2 snkbucl
|9 4295
|
| 655 |
|
7 |
|a články z novín a časopisov
|2 snkbucl
|9 267496
|
| 773 |
0 |
|
|x 1335-4671
|t Národná obroda
|g Roč. 13, č. 292 (16.12.2002), s. 9
|
| 850 |
|
|
|a Slovenská národná knižnica v Martine
|
| 852 |
|
|
|a SNK
|b KIS3GCP
|
| 999 |
|
|
|c 1384739
|d 1386669
|